000 00639nam a2200229Ia 4500
003 OSt
005 20221007080545.0
006 a|||||r|||| 00| 0
007 ta
008 221006b |||||||| |||| 00| 0 eng d
024 _a11,725
037 _cTextual
040 _aFLL
_cFLL
_beng
041 _2eng
_aeng
082 _aV2:19(zk).N7, M2
100 _aMishra K.P. Au.
_9683305
245 0 _aNon-alignment frontiers and dynamics
260 _aNew Delhi
_bVikas publishing house pvt. ltd. India
_c1982
300 _a512p
_ccm.
942 _hV2:19(zk).N7, M2
_cTEXL
_2CC
999 _c1160082
_d1160082